000 00643nam a2200205 a 4500
001 000012996
005 20240412074236.0
008 091119s1986 dr 001 j spa d
040 _aDO-SdBNP
_bspa
_cBNPHU
082 _aRD863.44
_bD331c
100 1 _aDel Passos, Samuel
_929967
245 1 0 _aCambio cambiante /
_cSamuel Del Passos, Frak Rojas.
260 _aSanto Domingo :
_bBúho,
_c1986.
300 _a74 p. ;
_c21 cm.
500 _aIncluye datos biográficos de los autores en la contracubierta
650 0 _aCuentos dominicanos
_9176
650 0 _aLiteratura dominicana.
_967
700 1 _aRojas, Frank
_d1953-
_929968
049 _aBNPD
999 _c12643
_d12643